| Tag |
First Indicator |
Second Indicator |
Subfields |
| LEADER |
00000cam a2200000 4500 |
| 001 |
in00000037595 |
| 005 |
20151007074400.0 |
| 008 |
760706s1953 nyua j 00001 eng |
| 010 |
|
|
|a 53003911
|
| 035 |
|
|
|a (OCoLC)02298810
|
| 035 |
|
|
|9 AAF1430AM
|
| 040 |
|
|
|a DLC
|c EEM
|d TXA
|d UtOrBLW
|
| 049 |
|
|
|a TXAS
|c [1700123]
|
| 050 |
0 |
0 |
|a PZ7.R5945
|b Sp
|
| 100 |
1 |
|
|a Rockwell, Carey.
|
| 245 |
1 |
4 |
|a The space pioneers /
|c Willy Ley, technical adviser.
|
| 264 |
|
1 |
|a New York :
|b Grosset & Dunlap,
|c [1953]
|
| 264 |
|
4 |
|c [©1953]
|
| 300 |
|
|
|a 210 pages :
|b illustrations ;
|c 20 cm.
|
| 336 |
|
|
|a text
|b txt
|2 rdacontent
|
| 337 |
|
|
|a unmediated
|b n
|2 rdamedia
|
| 338 |
|
|
|a volume
|b nc
|2 rdacarrier
|
| 490 |
1 |
|
|a His A Tom Corbett space cadet adventure [4]
|
| 800 |
1 |
|
|a Rockwell, Carey.
|t Tom Corbett space cadet adventure ;
|v 4.
|
| 999 |
|
|
|a MARS
|
| 999 |
f |
f |
|s e7c14632-7d54-3f68-9a92-3356f579e493
|i 798c1b4d-87da-3b71-9088-fe6c6e8b1441
|t 0
|
| 952 |
f |
f |
|p noncirc
|a Texas A&M University
|b College Station
|c Cushing Memorial Library & Archives
|d Cushing: Science Fiction (Does not check out)
|t 0
|e PZ7.R5945 Sp
|h Library of Congress classification
|i unmediated -- volume
|m A14800458739
|
| 998 |
f |
f |
|a PZ7.R5945 Sp
|t 0
|l Cushing: Science Fiction (Does not check out)
|